แสดงรายละเอียดบรรณานุกรม
  กลับหน้าหลัก

Brief Record : Get Marc (ISO 2709) : E-mail record : QR code ปิดหน้าต่าง
E-books : เกี่ยวกับ Collections
LEADER 00000nam 2200000uu 4500
001    209271
003     ULIBM
008    131126s2551||||th 000 0 tha d
020    ^a9789741016938
041 0  ^atha^beng
060 04 W20.55.H9^bร451 2551
245 00 รายงานเบลมองต์ =^bThe Belmont report /^cแปลโดย วิชัย โชควิวัฒน,ทิพิชา โปษยานนท์
246 00 The Belmont report
250    พิมพ์ครั้งที่ 1
260    นนทบุรี :^bสถาบันพัฒนาการคุ้มครองการวิจัยในมนุษย์,^c2551
300    37 หน้า ;^c24 ซม.
500    ท้ายเล่มมีต้นฉบับภาษาอังกฤษ
650  4 การทดลองในมนุษย์^vคู่มือ
650  4 วิจัย^xแง่ศีลธรรมจรรยา
700 0  วิชัย โชควิวัฒน,^eผู้แปล
700 0  ทิพิชา โปษยานนท์,^eผู้แปล
710 2  สถาบันพัฒนาการคุ้มครองการวิจัยในมนุษย์
999    ^aใช้งานได้ทุกระบบ
รายการนี้ยังไม่มีแท็ก
คุณยังไม่ได้ล็อกอิน คุณสามารถมีกิจกรรมร่วมกับเว็บไซต์ได้ แต่ต้องล็อกอินก่อน ::
  ล็อกอิน
ลำดับที่ ประเภท เลขเรียก สถานที่ สถานะ
1. หนังสือทั่วไป
หนังสือทั่วไป
สถานะ=หนังสือเก่า - บริการ ณ ห้องสมุด (ห้องเหลือง)
W20.55.H9 ร451 2551  
  
ห้องสมุด หอพักนักศึกษา (ห้องเหลือง) On Shelf
  ขอยืม
   [แสดง 1/1 รายการ]

BibComment


ยังไม่เคยถูกคอมเมนท์

คอมเมนท์ทรัพยากรรายการนี้
  คอมเมนท์: รายงานเบลมองต์ T..
Bib 209271

 
 
 

 Union Library Management : ULibM
Copyright 2026. All Rights Reserved.
скачать бесплатно без регистрации порно красивый секс HD Sex Hindi sex

xxx gou

xxxx

bfxxx

xxxwww

Секса Видео

xxxx

Секса Видео

detube

geilexxx

C99 Shell

worms shell

blod xxx video
Ebony Coed Rihanna Rimes Takes A Dick In Her Young Twat priyaa indian fuck anal and pusssy hardcore indian women xxx desi hardcore fucking part 1 bengalixxxcouple